Library Banner

A biographical dictionary of Australian and New Zealand economists (Record no. 71316)

MARC details
000 -LEADER
fixed length control field 00497nam a2200181Ia 4500
001 - CONTROL NUMBER
control field 66488
008 - FIXED-LENGTH DATA ELEMENTS--GENERAL INFORMATION
fixed length control field 150514s9999 xx 000 0 und d
020 ## - INTERNATIONAL STANDARD BOOK NUMBER
International Standard Book Number 9781845428693
040 ## - CATALOGING SOURCE
Transcribing agency PK-LaUMT
082 ## - DEWEY DECIMAL CLASSIFICATION NUMBER
Classification number 330.0922
Item number BIO-
100 ## - MAIN ENTRY--PERSONAL NAME
Personal name King, J. E.
245 #2 - TITLE STATEMENT
Title A biographical dictionary of Australian and New Zealand economists
Statement of responsibility, etc King, J. E.
260 ## - PUBLICATION, DISTRIBUTION, ETC. (IMPRINT)
Place of publication, distribution, etc Cheltenham,UK:
Name of publisher, distributor, etc Edward Elgar,
Date of publication, distribution, etc 2007
300 ## - PHYSICAL DESCRIPTION
Extent 337 p.
546 ## - LANGUAGE NOTE
Language note EN
650 ## - SUBJECT ADDED ENTRY--TOPICAL TERM
Topical term or geographic name as entry element Economists-Australia-Biography
942 ## - ADDED ENTRY ELEMENTS (KOHA)
Koha item type Reference
Holdings
Withdrawn status Lost status Source of classification or shelving scheme Damaged status Not for loan Home library Current library Date acquired Total Checkouts Full call number Barcode Date last seen Price effective from Koha item type
Withdrawn   Dewey Decimal Classification Damaged Not For Loan UMT Main Campus UMT Health Sciences Campus 2015-05-18   330.0922 BIO- 90304 2015-05-18 2015-05-18 Reference
Withdrawn   Dewey Decimal Classification Damaged Not For Loan UMT Main Campus UMT Main Campus 2015-05-14   R 330.0922 BIO- 90303 2015-05-18 2015-05-14 Reference